000 004490000a22001210004500
100 1 _aBenito, Marian.
245 1 0 _aRicos, ricos, riquisimos.
300 _aVol.17, no.196 (2000), p.39-49
520 _aSepa como un puñado de países acaudalados, de grandes multinacionales y de billonarios han sabido hacerse con el control de más del 70% de todos los recursos del mundo.
650 1 4 _aECONOMIA
773 0 _tRevista muy interesante
942 _cANA
999 _c63235
_d63235